000 00612nam a2200181Ia 4500
008 151202s9999||||xx |||||||||||||| ||und||
082 _bPNVM-84149
100 _aभागवत दुर्गा.
245 _aगुजरातच्या लोककथा.
260 _bसरीता प्रकाशन.
260 _c2014
300 _a80
600 _aभागवत दुर्गा.
630 _aगुजरातच्या लोककथा.
700 _aभागवत दुर्गा.
730 _aगुजरातच्या लोककथा.
942 _cBOOK
999 _c1349001
_d1348998